|
|
|
|
| LEADER |
00000cam a2200000 4500 |
| 001 |
vtls012130188 |
| 003 |
SK-MaSNL |
| 005 |
20260302025015.0 |
| 008 |
220406s2021 xo da frnp 000 0 slo |
| 015 |
|
|
|a SNBA2022/09
|
| 020 |
|
|
|a 9788022548861
|q (brožované)
|
| 040 |
|
|
|a SNK
|b slo
|c SNK
|e rda
|
| 041 |
0 |
|
|a slo
|
| 044 |
|
|
|a xo
|c SK
|
| 072 |
|
7 |
|a 658
|x Riadenie a správa podniku
|2 konspekt
|
| 072 |
|
7 |
|a 37.016
|x Učebné osnovy. Vyučovacie predmety. Učebnice
|2 konspekt
|
| 080 |
|
|
|a 658.8:005
|2 2011
|
| 080 |
|
|
|a 005
|2 2011
|
| 080 |
|
|
|a 005.642.1
|2 2011
|
| 080 |
|
|
|a 005.51
|2 2011
|
| 080 |
|
|
|a (075.8)
|2 2011
|
| 100 |
1 |
|
|a Hanuláková, Eva,
|d 1964-
|4 aut
|9 101583
|
| 245 |
1 |
0 |
|a Marketingový manažment
|c Eva Hanuláková, Marián Čvirik
|
| 250 |
|
|
|a Vydanie prvé
|
| 264 |
|
1 |
|a Bratislava
|b Ekonóm
|c 2021
|
| 300 |
|
|
|a 129 strán
|b grafy, tabuľky
|c 21 cm
|
| 336 |
|
|
|a text
|b txt
|2 rdacontent
|
| 337 |
|
|
|a bez média
|b n
|2 rdamedia
|
| 338 |
|
|
|a zväzok
|b nc
|2 rdacarrier
|
| 366 |
|
|
|e 200 kusov
|
| 650 |
0 |
7 |
|a marketingový manažment
|2 SNKPH
|9 1715
|
| 650 |
0 |
7 |
|a riadenie
|2 SNKPH
|9 924
|
| 650 |
0 |
7 |
|a benchmarking
|2 SNKPH
|9 926
|
| 650 |
0 |
7 |
|a plánovanie
|2 SNKPH
|9 15324
|
| 650 |
0 |
7 |
|a Marketing management
|2 SNKPHeng
|9 275329
|
| 650 |
0 |
7 |
|a Management
|2 SNKPHeng
|9 265406
|
| 650 |
0 |
7 |
|a Benchmarking (Management)
|2 SNKPHeng
|9 276234
|
| 650 |
0 |
7 |
|a Planning
|2 SNKPHeng
|9 302681
|
| 655 |
|
7 |
|a učebnice vysokých škôl
|2 SNKPH
|9 70191
|
| 655 |
|
7 |
|a Textbooks (higher)
|2 SNKPHeng
|9 276436
|
| 700 |
1 |
|
|a Čvirik, Marián,
|d 1992-
|4 aut
|9 216125
|
| 710 |
2 |
|
|a Ekonomická univerzita v Bratislave.
|b Obchodná fakulta
|4 pbl
|9 115933
|
| 919 |
|
|
|a 978-80-225-4886-1
|
| 954 |
|
|
|a odborná, vedecká literatúra pôvodná (slovenská)
|2 lita
|
| 958 |
|
|
|a NB
|
| 999 |
|
|
|c 1042607
|d 1044537
|
| 952 |
|
|
|a SNK
|b SNK
|y PREZ
|7 0
|p 17A1493300
|o snkSC 198690
|i snk2022/12990
|8 0
|0 0
|1 0
|4 0
|d 2022-08-25
|f 1
|l 0
|r 2025-10-21 00:00:00
|w 2026-02-24
|
| 952 |
|
|
|a SNK
|b SNK
|y VYP
|7 0
|p 17A1493301
|o snkSC 198690 D1
|i snk2022/12991
|8 0
|3 Natrhnutý zadný obal knihy
|0 0
|1 0
|4 0
|d 2022-08-25
|l 0
|r 2026-02-24 14:29:13
|w 2026-02-24
|